Suspicion /

Bibliographic Details
Main Author: Wyatt, Rachel
Other Authors: Alford, Edna
Format: Book
Language:English
Published: Regina : Coteau Books, [2012]

MARC

Tag First Indicator Second Indicator Subfields
LEADER 00000cam a2200000 a 4500
001 in00002782933
005 20150922150451.0
008 120703s2012 snc 000 f eng
010 |a  2012493165 
020 |a 9781550505177 
020 |a 1550505173 
035 |a (OCoLC)ocn798415612 
040 |a NLC  |b eng  |c NLC  |d CDX  |d C#P  |d UtOrBLW 
049 |a TXAM 
050 4 |a PR9199.3.W88  |b S87 2012 
055 0 |a PS8595 Y3  |b S87 2012 
055 0 0 |a PS8595 Y3  |b S97 2012 
082 0 |a C813/.54  |2 23 
100 1 |a Wyatt, Rachel. 
245 1 0 |a Suspicion /  |c Rachel Wyatt. 
264 1 |a Regina :  |b Coteau Books,  |c [2012] 
264 4 |c ©2012 
300 |a 237 pages :  |b portrait ;  |c 22 cm. 
336 |a text  |b txt  |2 rdacontent 
337 |a unmediated  |b n  |2 rdamedia 
338 |a volume  |b nc  |2 rdacarrier 
500 |a "Edited by Edna Alford"--Title page verso. 
700 1 |a Alford, Edna. 
945 |a PromptCat  |b 108289 
946 |a stk 
947 |a A14835930677 
948 |a cataloged  |b h  |c 2012/11/30  |d c  |e dmitchel  |f 9:10:20 am 
994 |a 92  |b TXA 
999 |a MARS 
999 f f |s 153238af-32dd-3543-a0cd-a567dd05bcdb  |i b4b881be-1985-3f46-9cce-61cee2820c7a  |t 0 
952 f f |p normal  |a Texas A&M University  |b College Station  |c Sterling C. Evans Library  |d Evans: Library Stacks  |t 0  |e PR9199.3.W88 S87 2012  |h Library of Congress classification  |i unmediated -- volume  |m A14835930677 
998 f f |a PR9199.3.W88 S87 2012  |t 0  |l Evans: Library Stacks